000 00433nam a2200157Ia 4500
008 100122s9999 xx 000 0 und d
082 _b46642
_a824
100 _aसप्रे मधुवंती
245 _aसमाजऋण
250 _a1
260 _bमेहता पब्लिकेशन हाऊस
_c1992
300 _a84
630 _aसमाजऋण
730 _aसमाजऋण
942 _cBOOK
999 _c425727
_d425724